[Event "21. Open de Ajedrez Ciudad de Roquetas"]
[Site "Roquetas de Mar ESP"]
[Date "2010.01.06"]
[Round "8.5"]
[White "Moskalenko, Viktor"]
[Black "Gallardo Garcia, Andres"]
[Result "1-0"]
[WhiteElo "2538"]
[BlackElo "2418"]
[PlyCount "69"]
[EventDate "2010.01.02"]
[EventType "swiss"]
[EventRounds "9"]
[EventCountry "ESP"]
[Source "lmi"]
[SourceDate "2010.01.02"]

1. d4 Nf6 2. c4 g6 3. Nc3 Bg7 4. e4 d6 5. f4 O-O 6. Nf3 Na6 7. Bd3 e5 8. fxe5
dxe5 9. d5 c6 10. O-O cxd5 11. Nxd5 Nxd5 12. cxd5 Nc5 13. Be3 Qa5 14. a3 Nxd3
15. Qxd3 b6 16. b4 Ba6 17. Qd2 Qa4 18. Rfc1 Rfc8 19. Bh6 Bh8 20. h3 Qb3 21. Ng5
Qd3 22. Qxd3 Bxd3 23. Kf2 f6 24. Ke3 Bc2 25. Kd2 Ba4 26. Ne6 f5 27. Nc7 Rab8
28. b5 Rb7 29. Na6 Rxc1 30. Rxc1 Bxb5 31. Rc8+ Kf7 32. Nc7 Bd7 33. Rf8+ Ke7 34.
Ne6 Bf6 35. Rxf6 1-0

[Event "21. Open de Ajedrez Ciudad de Roquetas"]
[Site "Roquetas de Mar ESP"]
[Date "2010.01.06"]
[Round "8.6"]
[White "Cabrera Trujillo, Jorge"]
[Black "Plaskett, H James"]
[Result "1-0"]
[WhiteElo "2384"]
[BlackElo "2498"]
[PlyCount "117"]
[EventDate "2010.01.02"]
[EventType "swiss"]
[EventRounds "9"]
[EventCountry "ESP"]
[Source "lmi"]
[SourceDate "2010.01.02"]

1. e4 c5 2. Nf3 d6 3. d4 cxd4 4. Nxd4 Nf6 5. Nc3 Nc6 6. Bg5 Bd7 7. Bxf6 gxf6 8.
Nb3 e6 9. Qd2 a6 10. Be2 b5 11. f4 Qb6 12. Bh5 b4 13. Ne2 Rg8 14. g4 a5 15. Qd3
Rc8 16. Nbd4 Ne5 17. fxe5 dxe5 18. Rf1 exd4 19. Rxf6 Rg6 20. Bxg6 hxg6 21. Qf3
Rxc2 22. Rxf7 Qc5 23. Rh7 Kd8 24. Rh8 Ke8 25. Rh7 Kd8 26. Rd1 e5 27. Rd2 Be7
28. Qb3 Rc4 29. h3 Be6 30. Qd3 Qc6 31. b3 Rc5 32. Kd1 a4 33. Rc2 Rc3 34. Nxc3
bxc3 35. Rxc3 Qxc3 36. Qxc3 dxc3 37. Kc2 axb3+ 38. axb3 Bc5 39. Kxc3 Bd4+ 40.
Kc2 Bd7 41. Rg7 Bc6 42. Kd3 Bb5+ 43. Kd2 Bc6 44. Rxg6 Bxe4 45. Ra6 Ke7 46. h4
Bb7 47. Ra4 Bd5 48. b4 Bc4 49. Ra3 e4 50. g5 Ke6 51. g6 Kf5 52. h5 Kf4 53. h6
e3+ 54. Rxe3 Bxe3+ 55. Kc3 Ke4 56. h7 Bd4+ 57. Kxc4 Be5 58. b5 Kf5 59. Kd5 1-0

[Event "21. Open de Ajedrez Ciudad de Roquetas"]
[Site "Roquetas de Mar ESP"]
[Date "2010.01.06"]
[Round "9.1"]
[White "Berbatov, Kiprian"]
[Black "Peralta, Fernando"]
[Result "1/2-1/2"]
[WhiteElo "2455"]
[BlackElo "2557"]
[PlyCount "73"]
[EventDate "2010.01.02"]
[EventType "swiss"]
[EventRounds "9"]
[EventCountry "ESP"]
[Source "lmi"]
[SourceDate "2010.01.02"]

1. e4 c6 2. d4 d5 3. e5 Bf5 4. Nc3 e6 5. g4 Bg6 6. Nge2 c5 7. h4 h5 8. Nf4 Bh7
9. Nxh5 cxd4 10. Nb5 Nc6 11. Nxd4 Nge7 12. Rh3 a6 13. Bg5 Qa5+ 14. c3 Nxd4 15.
Qxd4 Nc6 16. Qd1 d4 17. Bg2 Qxe5+ 18. Kf1 Be4 19. cxd4 Bxg2+ 20. Kxg2 Qe4+ 21.
Kg1 f6 22. Re3 Qxd4 23. Rxe6+ Kf7 24. Rxf6+ gxf6 25. Qb3+ Kg6 26. Qc2+ Kf7 27.
Qb3+ Kg6 28. Nf4+ Kh7 29. Qc2+ Kg8 30. Qb3+ Kh7 31. Rd1 Qe5 32. Qf7+ Bg7 33.
Rd7 fxg5 34. Qg6+ Kg8 35. Qf7+ Kh7 36. Qg6+ Kg8 37. Qf7+ 1/2-1/2

[Event "21. Open de Ajedrez Ciudad de Roquetas"]
[Site "Roquetas de Mar ESP"]
[Date "2010.01.06"]
[Round "9.2"]
[White "Korneev, Oleg"]
[Black "Ivanov, Jordan"]
[Result "1/2-1/2"]
[WhiteElo "2573"]
[BlackElo "2409"]
[PlyCount "53"]
[EventDate "2010.01.02"]
[EventType "swiss"]
[EventRounds "9"]
[EventCountry "ESP"]
[Source "lmi"]
[SourceDate "2010.01.02"]

1. e4 e5 2. Nf3 Nf6 3. d4 Nxe4 4. Bd3 d5 5. Nxe5 Nd7 6. Nxd7 Bxd7 7. O-O Bd6 8.
c4 c6 9. cxd5 cxd5 10. Nc3 Nxc3 11. bxc3 O-O 12. Qh5 g6 13. Qxd5 Qc7 14. Qf3
Qxc3 15. Bh6 Rfe8 16. Qf6 Bf8 17. Bxf8 Rxf8 18. Be4 Bc6 19. Rac1 Qb4 20. Bxc6
bxc6 21. Rxc6 Rad8 22. Rd1 Qa4 23. Rcc1 Qxa2 24. h4 Rd5 25. Ra1 Qb3 26. Rab1
Qa2 27. Ra1 1/2-1/2

[Event "21. Open de Ajedrez Ciudad de Roquetas"]
[Site "Roquetas de Mar ESP"]
[Date "2010.01.06"]
[Round "9.3"]
[White "Vidarte Morales, Arturo"]
[Black "Moskalenko, Viktor"]
[Result "1/2-1/2"]
[WhiteElo "2423"]
[BlackElo "2538"]
[PlyCount "42"]
[EventDate "2010.01.02"]
[EventType "swiss"]
[EventRounds "9"]
[EventCountry "ESP"]
[Source "lmi"]
[SourceDate "2010.01.02"]

1. d4 Nf6 2. Nf3 d5 3. c4 e6 4. Nc3 c6 5. e3 Nbd7 6. Qc2 Bd6 7. Be2 O-O 8. O-O
dxc4 9. Bxc4 b5 10. Be2 Bb7 11. Ne4 Nxe4 12. Qxe4 Qe7 13. Bd2 Rab8 14. Qh4 Qxh4
15. Nxh4 b4 16. Rac1 Rfd8 17. Nf3 c5 18. dxc5 Nxc5 19. Be1 Bd5 20. b3 a5 21.
Bc4 Bxc4 1/2-1/2

[Event "21. Open de Ajedrez Ciudad de Roquetas"]
[Site "Roquetas de Mar ESP"]
[Date "2010.01.06"]
[Round "9.4"]
[White "Almagro Llamas, Pablo"]
[Black "Dolezal, Cristian"]
[Result "1/2-1/2"]
[WhiteElo "2455"]
[BlackElo "2405"]
[PlyCount "80"]
[EventDate "2010.01.02"]
[EventType "swiss"]
[EventRounds "9"]
[EventCountry "ESP"]
[Source "lmi"]
[SourceDate "2010.01.02"]

1. e4 e6 2. d4 d5 3. Nc3 Bb4 4. e5 c5 5. a3 Bxc3+ 6. bxc3 Ne7 7. Nf3 Nbc6 8. h4
Bd7 9. h5 h6 10. Rh4 Qa5 11. Bd2 O-O-O 12. Qb1 f6 13. exf6 gxf6 14. c4 Qc7 15.
cxd5 Nxd5 16. dxc5 e5 17. Qb3 Nde7 18. Rb1 Nf5 19. Ra4 Ncd4 20. Nxd4 Nxd4 21.
Rxa7 Nxb3 22. Ra8+ Qb8 23. Rxb8+ Kxb8 24. cxb3 Bf5 25. Rb2 Bd3 26. Bxd3 Rxd3
27. Ke2 Rd5 28. b4 f5 29. g3 Kc7 30. Be3 Rf8 31. Bxh6 Rh8 32. Be3 Rxh5 33. Rb1
Kd7 34. a4 Rh8 35. b5 f4 36. gxf4 exf4 37. Bxf4 Rxc5 38. Be3 Rc4 39. a5 Rc5 40.
Bf4 Ra8 1/2-1/2

[Event "21. Open de Ajedrez Ciudad de Roquetas"]
[Site "Roquetas de Mar ESP"]
[Date "2010.01.06"]
[Round "9.5"]
[White "Panelo, Marcelo"]
[Black "Cabrera Trujillo, Jorge"]
[Result "1-0"]
[WhiteElo "2455"]
[BlackElo "2384"]
[PlyCount "115"]
[EventDate "2010.01.02"]
[EventType "swiss"]
[EventRounds "9"]
[EventCountry "ESP"]
[Source "lmi"]
[SourceDate "2010.01.02"]

1. d4 d5 2. c4 c6 3. Nf3 Nf6 4. Nc3 e6 5. e3 Nbd7 6. Bd3 dxc4 7. Bxc4 b5 8. Bd3
a6 9. e4 c5 10. e5 cxd4 11. Nxb5 Nxe5 12. Nxe5 axb5 13. O-O Ba6 14. Qe2 Qb6 15.
Bg5 Bd6 16. Rfe1 Bxe5 17. Qxe5 Ke7 18. Re4 h6 19. Bxf6+ gxf6 20. Qxd4 Qxd4 21.
Rxd4 Rhd8 22. Rxd8 Rxd8 23. Bf1 Rd2 24. Rb1 Rd6 25. a3 Rb6 26. Rc1 Bb7 27. Rc7+
Kf8 28. f3 Bd5 29. Kf2 Rc6 30. Rxc6 Bxc6 31. Ke3 Ke7 32. Kd4 Kd6 33. Kc3 Kc5
34. Bd3 f5 35. b3 f6 36. Bc2 Bb7 37. b4+ Kd5 38. a4 bxa4 39. Bxa4 Bc6 40. Bb3+
Kd6 41. Bc4 e5 42. Ba6 Bd7 43. g3 h5 44. f4 h4 45. gxh4 Be8 46. Be2 exf4 47.
Kd4 Bc6 48. h5 Ke7 49. Bc4 Ba4 50. h4 Kf8 51. Kd3 Bd7 52. Ke2 Bc6 53. Kf2 f3
54. Kg3 Bd7 55. Kxf3 Bc6+ 56. Kf4 Ba4 57. Kxf5 Ke7 58. Kg6 1-0

[Event "21. Open de Ajedrez Ciudad de Roquetas"]
[Site "Roquetas de Mar ESP"]
[Date "2010.01.06"]
[Round "9.6"]
[White "Fernandez Siles, Luis"]
[Black "Shkapenko, Pavel"]
[Result "1/2-1/2"]
[WhiteElo "2329"]
[BlackElo "2426"]
[PlyCount "54"]
[EventDate "2010.01.02"]
[EventType "swiss"]
[EventRounds "9"]
[EventCountry "ESP"]
[Source "lmi"]
[SourceDate "2010.01.02"]

1. e4 c5 2. Nf3 e6 3. d4 cxd4 4. Nxd4 Nf6 5. Nc3 Nc6 6. Ndb5 d6 7. Bf4 e5 8.
Bg5 a6 9. Na3 Be6 10. Nc4 Rc8 11. Ne3 Be7 12. h4 Nd4 13. Bd3 h6 14. Bxf6 Bxf6
15. g3 Qd7 16. f3 Bd8 17. Ncd5 Nc6 18. Rh2 Bxd5 19. Nxd5 Ne7 20. Nxe7 Qxe7 21.
Rd2 Bb6 22. Qe2 O-O 23. O-O-O Ba5 24. c3 b5 25. Kb1 b4 26. cxb4 Bxb4 27. Rc2 a5
1/2-1/2